00957cam a22002537a 4500003000500000005001700005008004100022010001000063011001000073035001000083040000900093100003900102245021700141260004000358300001000398502007700408650002800485650002800513650003200541650002900573650002600602650004700628650002800675CHAP20220329140147.0971013s1995 r 00010 d a47883 a48855 a53002 cCHAP00aDíaz Rivera, Joaquín Bernardo. 0aEfecto de la urea foliar, en alta concentración anillado y fertilización nitrogenada sobre el desfasamiento de la cosecha de limón persa (Citrus latifolia tan.) en Martínez de la Torre, Veracruz, México aChapingo, Méx. :bEl autor,c1995 a59 h. aTesis (Ing. Agr. Esp. en Fitotecnia) -- UACH. Departamento de Fitotecnia14aAnillos de crecimiento.14aFertilización foliar.14aFertilizantes nitrogenados.14aLimón persazVeracruz.14aLimónxFloración.14aNitrógenoxEfecto en árboles frutales.14aUrea como fertilizante.